00839nam a2200205Ia 4500008004100000040001400041082002100055100002300076245010600099260004100205300001100246365002600257366000800283505002900291530003000320620005700350630010600407650001400513730010600527100315s9999 xx 000 0 und d cENGLISH  b10319 a332.1  a"Megrah, Maurice " a"Byles on Bills of Exchange : the law of Bills of exchange, promissory notes, bank notes and cheques" aLondon bSweet & Maxwell  c1955  a439   eRupees d1 b0.00  f0  gRamakant Amar Navghare  bDonated By RBI Library   a"Bills of Exchange, Economics, Banking, RBI book, " a"Byles on Bills of Exchange : the law of Bills of exchange, promissory notes, bank notes and cheques" aBANKING  a"Byles on Bills of Exchange : the law of Bills of exchange, promissory notes, bank notes and cheques"